| 000 | 00000nam 2200000zi 4500 |
| 001 | 9.939044 |
| 003 | CaOODSP |
| 005 | 20240606083301 |
| 006 | m o d f |
| 007 | cr |n||||||||| |
| 008 | 240606t20162016quca ob f000 0 eng d |
| 020 | |a9781772020267 |
| 020 | |a9781772020281 |
| 020 | |a9781772020304 |
| 020 | |a9781772020328 |
| 040 | |aCaOODSP|beng|erda|cCaOODSP |
| 043 | |an-cn--- |
| 086 | 1 |aEn108-4/93-2016E-PDF |
| 245 | 00|aGuidance manual for environmental site characterization in support of environmental and human health risk assessment. |
| 264 | 1|a[Gatineau, QC] : |bCanadian Council of Ministers of the Environment = Conseil canadien des ministres de l'environnement, |c[2016] |
| 264 | 4|c©2016 |
| 300 | |a1 online resource (4 volumes) : |bcolour illustrations |
| 336 | |atext|btxt|2rdacontent |
| 337 | |acomputer|bc|2rdamedia |
| 338 | |aonline resource|bcr|2rdacarrier |
| 500 | |aIssued also in French under title: Guide sur la caractérisation environnementale des sites dans le cadre de l'évaluation des risques pour l'environnement et la santé humaine. |
| 504 | |aIncludes bibliographical references. |
| 505 | 0 |aVolume 1. Guidance manual -- Volume 2. Checklists -- Volume 3. Suggested operating procedures -- Volume 4. Analytical methods. |
| 650 | 0|aEnvironmental risk assessment|zCanada. |
| 650 | 0|aHealth risk assessment|zCanada. |
| 710 | 2 |aCanadian Council of Ministers of the Environment, |eissuing body. |
| 775 | 08|tGuide sur la caractérisation environnementale des sites dans le cadre de l'évaluation des risques pour l'environnement et la santé humaine.|w(CaOODSP)9.939043 |
| 856 | 40|qPDF|s5.12 MB|uhttps://publications.gc.ca/collections/collection_2024/ccme/En108-4-93-2016-1-eng.pdf|zGuidance manual |
| 856 | 40|qPDF|s411 KB|uhttps://publications.gc.ca/collections/collection_2024/ccme/En108-4-93-2016-2-eng.pdf|zChecklists |
| 856 | 40|qPDF|s1.95 MB|uhttps://publications.gc.ca/collections/collection_2024/ccme/En108-4-93-2016-3-eng.pdf|zSuggested operating procedures |
| 856 | 40|qPDF|s1.54 MB|uhttps://publications.gc.ca/collections/collection_2024/ccme/En108-4-93-2016-4-eng.pdf|zAnalytical methods |
| 986 | |aPN 1551|aPN 1553|aPN 1555|aPN 1557 |